[Event "ch-Reykjavik"]
[Site "Reykjavik ISL"]
[Date "2008.01.18"]
[Round "6"]
[White "Einarsson,H"]
[Black "Edvardsson,K"]
[Result "1-0"]
[WhiteElo "2279"]
[BlackElo "2261"]

1.d4 Nf6 2.c4 e6 3.Nf3 b6 4.a3 Ba6 5.Qc2 Bb7 6.Nc3 c5 7.e4 cxd4 8.Nxd4 d6
9.Bg5 Nbd7 10.Rd1 a6 11.Be2 Be7 12.O-O O-O 13.f4 Qc7 14.b4 Rac8 15.Rf3 h6
16.Bh4 Rfe8 17.Rh3 b5 18.cxb5 e5 19.bxa6 exd4 20.axb7 Qxb7 21.Rxd4 Qa7 22.Bf2 Qxa3
23.g4 d5 24.e5 Ne4 25.Qa2 Qc1+ 26.Nd1 Rc2 27.Qa6 Qxf4 28.Rxd5 Rc1 29.Be3 Nf2
30.Bxf4 Nxh3+ 31.Kf1 Nxf4 32.Rxd7 Bh4 33.Qa2 Ne6 34.b5 Rec8 35.b6  1-0

[Event "Winter Open"]
[Site "Belgrade SRB"]
[Date "2008.01.27"]
[Round "6"]
[White "Tasic,Z"]
[Black "Vujosevic,D"]
[Result "0-1"]
[WhiteElo "2207"]
[BlackElo "1996"]

1.d4 Nf6 2.c4 e6 3.Nf3 b6 4.a3 Bb7 5.Nc3 Be7 6.d5 O-O 7.g3 d6 8.Bg2 exd5
9.cxd5 Nbd7 10.Nd4 Re8 11.O-O Bf8 12.h3 g6 13.b4 a6 14.Qb3 Bg7 15.Bb2 b5
16.Nb1 Nb6 17.Nd2 Bxd5 18.Bxd5 Nfxd5 19.Rac1 Bxd4 20.Bxd4 Rxe2 21.Qd3 Re6
22.Ba1 Qe7 23.Nb3 Re8 24.Nd4 Re4 25.Nc6 Qg5 26.Kh2 h5 27.Rc2 h4 28.Rg1 hxg3+
29.Rxg3 Qf4 30.Bd4 Nd7 31.Kg2 Qf5 32.Kh2 Qf4 33.Bb2 N7f6 34.Bc1 Qf5 35.Nd4 Qh5
36.Nf3 Qf5 37.Rg5 Qe6 38.Nd4 Qd7 39.f3 Rh4 40.Nf5 Nf4 41.Bxf4 Rxf4 42.Rcg2 Kf8
43.Nh6 Rh4 44.Ng4 Qe6 45.Nf2 Nh5 46.R2g4 Rxg4 47.hxg4 Qf6 48.Ne4 Qf4+ 49.Kh1 Rxe4  0-1

[Event "ch-Kyiv Men"]
[Site "Kyiv UKR"]
[Date "2008.01.27"]
[Round "7"]
[White "Perun,S"]
[Black "Vdovichenko,V"]
[Result "1/2-1/2"]
[WhiteElo "2352"]
[BlackElo "2208"]

1.d4 Nf6 2.Nf3 e6 3.c4 b6 4.a3 Bb7 5.Nc3 d5 6.cxd5 Nxd5 7.Qc2 Be7 8.Bd2 O-O
9.e4 Nxc3 10.Bxc3 Nd7 11.O-O-O Qc8 12.h4 a5 13.d5 Nc5 14.Rh3 f6 15.Nd4 e5
16.Nf5 Rf7 17.Bb5 Kh8 18.h5 Bf8 19.g4 c6 20.Be2 b5 21.d6 Qe6 22.Be1 Nd7 23.Qb3 Qe8
24.Qc2  1/2-1/2

[Event "13th HIT Open A"]
[Site "Nova Gorica SLO"]
[Date "2008.01.27"]
[Round "2"]
[White "Jovanic,O"]
[Black "Lenic,L"]
[Result "0-1"]
[WhiteElo "2491"]
[BlackElo "2568"]

1.d4 Nf6 2.c4 e6 3.Nf3 b6 4.a3 Ba6 5.Qc2 Bb7 6.Nc3 c5 7.e4 cxd4 8.Nxd4 Bc5
9.Nb3 Nc6 10.Bg5 h6 11.Bh4 Nd4 12.Nxd4 Bxd4 13.Bd3 Qb8 14.Bg3 Be5 15.O-O-O Bc6
16.Kb1 Qc7 17.Rhe1 O-O-O 18.Bxe5 Qxe5 19.g3 d6 20.Nd5 Kb8 21.f4 Qh5 22.Nb4 Bb7
23.e5 dxe5 24.Rxe5 Qf3 25.Ree1 Rd4 26.Be2 Rxd1+ 27.Bxd1 Qg2 28.Qxg2 Bxg2
29.Nd3 Ne4 30.Re2 Bf1 31.Re3 Nd2+ 32.Ka2 Nxc4 33.Rf3 Nd2 34.Rf2 Bxd3 35.Rxd2 Rd8
36.Rf2 Kc7 37.Bh5 f6 38.Kb3 Be4 39.Kc3 Rd3+ 40.Kc4 b5+ 41.Kxb5 Rd5+ 42.Ka6 Bd3+  0-1

[Event "Winter Open"]
[Site "Belgrade SRB"]
[Date "2008.01.30"]
[Round "9"]
[White "Tasic,Z"]
[Black "Karadarevic,S"]
[Result "1-0"]
[WhiteElo "2207"]
[BlackElo "1831"]

1.d4 Nf6 2.c4 e6 3.Nf3 b6 4.a3 Bb7 5.Nc3 Be7 6.d5 exd5 7.cxd5 d6 8.g3 Nbd7
9.Bg2 a6 10.h3 c5 11.dxc6 Bxc6 12.O-O Qc7 13.Be3 Qb7 14.Ne1 Bxg2 15.Nxg2 O-O
16.Nf4 Rfd8 17.Nfd5 Nxd5 18.Nxd5 Bf8 19.Rc1 Rac8 20.Qd4 b5 21.Qe4 Kh8 22.Bd4 Nc5
23.Qf3 Ne6 24.Rcd1 Rc4 25.Bb6 Rdc8 26.Ba5 Rd4 27.Bc3 Rxd1 28.Rxd1 Rd8 29.h4 Rd7
30.Qg4 Qc6 31.Ne3 Kg8 32.h5 g6 33.hxg6 hxg6 34.Nd5 Bg7 35.Qf3 Qb7 36.Nf6+ Bxf6
37.Qxf6  1-0

[Event "TCh-FIN 2007-8"]
[Site "Finland FIN"]
[Date "2008.02.09"]
[Round "6"]
[White "Volodin,Alek"]
[Black "Nevanlinna,R"]
[Result "1-0"]
[WhiteElo "2379"]
[BlackElo "2306"]

1.d4 Nf6 2.c4 e6 3.Nf3 b6 4.a3 c5 5.d5 Ba6 6.Qc2 exd5 7.cxd5 g6 8.Nc3 Bg7
9.g3 O-O 10.Bg2 d6 11.O-O Re8 12.Re1 b5 13.e4 Nbd7 14.Bf4 Qb6 15.h3 Rac8
16.Bf1 c4 17.Be3 Nc5 18.a4 b4 19.Nb5 Bxb5 20.axb5 Qxb5 21.Bxc4 Qd7 22.e5 dxe5
23.d6 Qxd6 24.Ng5 Ne6 25.Rxa7 Nxg5 26.Bxg5 Rc7 27.Rea1 Rf8 28.R1a6 Rxc4 29.Qxc4 Qd1+
30.Kg2 e4 31.Ra8 Qf3+ 32.Kg1 Nh5 33.Rxf8+ Bxf8 34.Ra8 e3 35.Rxf8+ Kxf8 36.Bh6+ Ke8
37.Qc8+ Ke7 38.Bf8+ Kf6 39.Qd8+ Ke5 40.Qd6+ Kf5 41.Qc5+  1-0

[Event "Aeroflot Open A2"]
[Site "Moscow RUS"]
[Date "2008.02.16"]
[Round "3"]
[White "Vorobiov,E"]
[Black "Ushenina,A"]
[Result "1/2-1/2"]
[WhiteElo "2537"]
[BlackElo "2484"]

1.d4 Nf6 2.c4 e6 3.Nf3 b6 4.a3 Bb7 5.Nc3 d5 6.cxd5 Nxd5 7.e3 Nd7 8.Bd3 c5
9.e4 Nxc3 10.bxc3 Qc7 11.O-O Be7 12.Qe2 O-O 13.e5 Rfd8 14.Be3 Nf8 15.a4 Rac8
16.Rfb1 Ng6 17.Ba6 Nf8 18.dxc5 Bxc5 19.Bxc5 Bxa6 20.Qxa6 Qxc5 21.Qxa7 Nd7
22.Rd1  1/2-1/2

[Event "XXIV Open"]
[Site "Cappelle La Grande FRA"]
[Date "2008.02.17"]
[Round "2"]
[White "Papin,V"]
[Black "Sulskis,S"]
[Result "1-0"]
[WhiteElo "2475"]
[BlackElo "2553"]

1.d4 Nf6 2.c4 e6 3.Nf3 b6 4.a3 Bb7 5.Nc3 d5 6.cxd5 Nxd5 7.Qc2 Nxc3 8.bxc3 Be7
9.e4 Nd7 10.Bf4 O-O 11.Bd3 c5 12.O-O Rc8 13.Qe2 Re8 14.Rfd1 cxd4 15.cxd4 Nf6
16.Bd2 Rc7 17.a4 Qa8 18.Re1 a6 19.Rab1 Nd7 20.h3 g6 21.Rb3 Bc6 22.Ra1 Nf6
23.Rxb6 Bxe4 24.Rxa6 Qc8 25.Bxe4 Nxe4 26.Rb6 Nxd2 27.Qxd2 Qa8 28.Qf4 Ra7
29.Ne5 Bf8 30.a5 Bg7 31.a6 g5 32.Qe3 Rc8 33.Qb3 h6 34.Qb5 Qe4 35.Rb8 Rf8
36.Rxf8+ Bxf8 37.Nc6 Rc7 38.d5  1-0

[Event "XXIV Open"]
[Site "Cappelle La Grande FRA"]
[Date "2008.02.17"]
[Round "2"]
[White "Durarbeyli,V"]
[Black "Maiorov,N1"]
[Result "1/2-1/2"]
[WhiteElo "2392"]
[BlackElo "2525"]

1.d4 Nf6 2.c4 e6 3.Nf3 b6 4.a3 Bb7 5.Nc3 d5 6.cxd5 exd5 7.Bg5 Be7 8.Qa4+ c6
9.Bxf6 Bxf6 10.e3 O-O 11.Be2 Re8 12.O-O Nd7 13.Rfd1 Nf8 14.Rac1 Ne6 15.b4 a5
16.Qb3 axb4 17.axb4 Re7 18.Bd3 g6 19.Bf1 Rb8 20.g3 Bg7 21.Bg2 Rd7 22.Na4 Rc8
23.Qd3 Rd6 24.Nc3 c5 25.Ne2 c4 26.Qd2 b5 27.Nc3 Nc7 28.Ne1 Ra8 29.Nc2 h5
30.Ra1 Rda6 31.Rxa6 Rxa6 32.h4 Bf8 33.Qe1 Bc8 34.e4 dxe4 35.Bxe4 Bg4 36.Ra1 Qc8
37.Rxa6 Qxa6 38.Qe3 Qf6 39.Bg2 Bf5 40.Be4 Bd7 41.Bg2 Qf5 42.Be4 Qe6 43.Qg5 Be7
44.Qd2 Na6 45.Bd5 Qd6 46.Bg2 Bf8 47.Ne4 Qe7 48.d5 Bf5 49.d6 Qd8 50.Qd5 Bxe4
51.Bxe4 Qxd6 52.Qxb5 Nxb4  1/2-1/2

[Event "II ch-Ibero-Americano Gp A"]
[Site "Morelia MEX"]
[Date "2008.02.19"]
[Round "5"]
[White "Roselli Mailhe,B"]
[Black "Vescovi,G"]
[Result "0-1"]
[WhiteElo "2420"]
[BlackElo "2617"]

1.d4 Nf6 2.c4 e6 3.Nf3 b6 4.a3 Ba6 5.Qc2 c5 6.d5 exd5 7.cxd5 g6 8.Bf4 d6
9.Nc3 Bg7 10.Qa4+ b5 11.Nxb5 O-O 12.Nc3 Re8 13.Rd1 Qb6 14.Bc1 Nbd7 15.e3 c4
16.b4 Ng4 17.Ne2 Ndf6 18.h3 Ne5 19.Nxe5 Rxe5 20.Nc3 Rc8 21.Be2 Bb7 22.Bf3 h5
23.O-O g5 24.g3 g4 25.hxg4 hxg4 26.Bg2 Bh6 27.Rd4 a6 28.Qd1 Rc7 29.Ne4 Nxe4
30.Rxe4 f5 31.Rxe5 dxe5 32.e4 f4 33.gxf4 exf4 34.Bxf4 Bxf4 35.Qxg4+ Rg7 36.Qxf4 Bc8
37.Qf3 Qh6 38.Qe3 Qxe3 39.fxe3 Bh3 40.Rc1 Bxg2 41.Rxc4 Bxe4+ 42.Kf2 Bxd5
43.Rd4 Rg2+ 44.Kf1 Rg5 45.Ke2 Kf7 46.Kd3 Ke6 47.Rh4 Ke5 48.Rh8 Bc6 49.Rh6 Bb5+
50.Kc3 Rg3 51.a4 Rxe3+ 52.Kd2 Re2+ 53.Kd1 Bd3 54.b5 a5 55.b6 Rb2 56.Kc1 Rb3
57.Kd2 Be4 58.Rh5+ Bf5 59.Rh6 Kd4 60.Rd6+ Kc5 61.Rh6 Bd7 62.b7 Rxb7 63.Kc3 Bxa4
64.Rh5+ Kb6 65.Kb2 Rg7 66.Ka3 Bc6 67.Rh3 Bd5 68.Rh6+ Kc5 69.Rh2 Rg3+ 70.Kb2 a4
71.Rc2+ Kb4 72.Rc1 Rg2+ 73.Ka1 Re2 74.Rd1 Ka3 75.Kb1 Be4+  0-1

[Event "XXIV Open"]
[Site "Cappelle La Grande FRA"]
[Date "2008.02.20"]
[Round "6"]
[White "Lacrosse,M"]
[Black "Hammer,J"]
[Result "0-1"]
[WhiteElo "2259"]
[BlackElo "2441"]

1.d4 Nf6 2.c4 e6 3.Nf3 b6 4.a3 Ba6 5.Qc2 Bb7 6.Nc3 c5 7.e4 cxd4 8.Nxd4 Bc5
9.Nb3 Nc6 10.Bf4 O-O 11.Rd1 e5 12.Bg5 Nd4 13.Nxd4 Bxd4 14.Bd3 h6 15.Bxf6 Qxf6
16.O-O Qg6 17.Nd5 Qd6 18.Rc1 a6 19.b4 Rfc8 20.Qb3 a5 21.Rc2 Bc6 22.Nxb6 Bxb6
23.c5  0-1

[Event "XXIV Open"]
[Site "Cappelle La Grande FRA"]
[Date "2008.02.22"]
[Round "8"]
[White "Erdos,V"]
[Black "Roser,K"]
[Result "1-0"]
[WhiteElo "2575"]
[BlackElo "2402"]

1.d4 Nf6 2.c4 e6 3.Nf3 b6 4.a3 Bb7 5.Nc3 d5 6.cxd5 Nxd5 7.Qc2 Nxc3 8.bxc3 c5
9.e4 Nd7 10.Bf4 Be7 11.Bd3 Qc8 12.Qb1 Ba6 13.O-O O-O 14.Re1 cxd4 15.cxd4 Bxd3
16.Qxd3 Qb7 17.Rad1 h6 18.d5 exd5 19.exd5 Bf6 20.Qf5 Rfe8 21.h4 Rxe1+ 22.Rxe1 Rd8
23.h5 Nf8 24.d6 b5 25.Nh2 Qd7 26.Qd5 Ne6 27.Bg3 Nd4 28.Re4 Nf5 29.Ng4 Bb2
30.Ne3 Nxe3 31.Rxe3 Bf6 32.Be5 Qf5 33.Qd4 Rd7 34.Bxf6 gxf6 35.Re7 Kg7 36.g4 Qb1+
37.Kh2 Rd8 38.Qd5 Rf8 39.Kg2 b4 40.d7 bxa3 41.d8=Q Rxd8 42.Qxf7+  1-0

[Event "65th ch-GEO w"]
[Site "Tbilisi GEO"]
[Date "2008.02.28"]
[Round "1"]
[White "Khotenashvili,B"]
[Black "Dzagnidze,N"]
[Result "0-1"]
[WhiteElo "2271"]
[BlackElo "2429"]

1.d4 Nf6 2.c4 e6 3.Nf3 b6 4.a3 Ba6 5.Qb3 Be7 6.Nc3 d5 7.cxd5 exd5 8.Bg5 c6
9.O-O-O O-O 10.Bxf6 Bxf6 11.g4 Bc4 12.Qc2 a5 13.e4 Bxf1 14.Rhxf1 b5 15.e5 Be7
16.Ne2 a4 17.h4 b4 18.Ng5 g6 19.Rd3 bxa3 20.bxa3 c5 21.f4 Nc6 22.dxc5 Na5
23.Kd1 Nc4 24.Nc3 Rb8 25.Nxa4 Qd7 26.Nb6 Qxg4+ 27.Qe2 Qf5 28.Nxd5 Bxc5 29.Ke1 Rb1+
30.Rd1 Rxd1+ 31.Qxd1 Rb8 32.Nf6+ Kg7 33.Nfe4 Ne3 34.Qc1 Nxf1 35.Qxc5 Rb1+
36.Ke2 Qg4+ 37.Kd3 Qd1+ 38.Kc4 Nd2+ 39.Kd3 Nb3+  0-1

[Event "58th ch-RUS w 1st liga"]
[Site "Smolensk RUS"]
[Date "2008.03.01"]
[Round "4"]
[White "Gusarchuk,An"]
[Black "Manakova,I"]
[Result "0-1"]
[WhiteElo "2101"]
[BlackElo "2200"]

1.d4 Nf6 2.c4 e6 3.Nf3 b6 4.a3 Bb7 5.Nc3 Ne4 6.Qc2 f5 7.g3 Be7 8.Bg2 Bf6
9.Ne5 Nd6 10.Bxb7 Nxb7 11.e4 Nd6 12.Nf3 fxe4 13.Nxe4 Nc6 14.d5 Na5 15.dxe6 dxe6
16.O-O O-O 17.Neg5 Bxg5 18.Nxg5 Rf5 19.h4 g6 20.b3 Nf7 21.Nxf7 Rxf7 22.Bb2 Nc6
23.Qe4 Qe8 24.Rae1 Rd8 25.Bc3 Rf5 26.b4 Rd6 27.g4 Rf7 28.b5 Nd8 29.Qe5 Kf8
30.Bb4 Ke7 31.Rd1 Nb7 32.Bxd6+ cxd6 33.Qd4 e5 34.Qd5 Kf8 35.f4 exf4 36.Qd4 Qe3+
37.Qxe3 fxe3 38.Rxf7+ Kxf7 39.Re1 Na5 40.Rxe3 Nxc4 41.Rc3 d5 42.a4 Ke6 43.Kf1 Ke5
44.Ke2 Kd4 45.Rd3+ Kc5 46.h5 d4 47.g5 Ne5 48.Rd1 d3+ 49.Ke3 Nc4+ 50.Ke4 Nb2
51.Rd2 Nxa4 52.Rxd3 Kxb5 53.Ke5 Nc5 54.Rh3 a5 55.hxg6 hxg6 56.Rh6 a4 57.Rxg6 a3
58.Rh6 Nd3+ 59.Kd4 a2 60.Rh1 Nf4 61.Ke4 Nh3 62.Kf5 Nxg5 63.Kxg5 Kc4 64.Kf4 b5
65.Ke5 b4 66.Rh4+ Kc3 67.Rh3+ Kb2 68.Rh2+ Ka3  0-1

[Event "TCh-HUN 2007-8"]
[Site "Budapest HUN"]
[Date "2008.03.02"]
[Round "7"]
[White "Kerek,C"]
[Black "Medvegy,N"]
[Result "1/2-1/2"]
[WhiteElo "2289"]
[BlackElo "2369"]

1.d4 Nf6 2.c4 e6 3.Nf3 b6 4.a3 Bb7 5.Nc3 d5 6.Bg5 Be7 7.Qa4+ Bc6 8.Qb3 dxc4
9.Qxc4 O-O 10.e3 Bb7 11.Rc1 Nbd7 12.Be2 c5 13.O-O cxd4 14.Nxd4 Rc8 15.Qd3 Nc5
16.Qd1 h6 17.Bf4 a6 18.Bf3 Qd7 19.Rc2 Rfd8 20.Rd2 Qe8 21.Bxb7 Nxb7 22.Qf3 Nd6
23.Bxd6 Rxd6 24.Rfd1 b5  1/2-1/2

[Event "65th ch-GEO w"]
[Site "Tbilisi GEO"]
[Date "2008.03.02"]
[Round "4"]
[White "Tsatsalashvili,K"]
[Black "Khurtsidze,N"]
[Result "1-0"]
[WhiteElo "2214"]
[BlackElo "2441"]

1.d4 Nf6 2.c4 e6 3.Nf3 b6 4.a3 Bb7 5.Nc3 d5 6.Bf4 a6 7.e3 Be7 8.b4 dxc4 9.Bxc4 O-O
10.Qb3 Nbd7 11.O-O Bd6 12.Bg5 e5 13.d5 h6 14.Bxf6 Nxf6 15.e4 b5 16.Bd3 c6
17.dxc6 Bxc6 18.Rfd1 Qb6 19.Rd2 Rfe8 20.Rad1 Bf8 21.Bb1 a5 22.Nh4 Qa7 23.Ba2 axb4
24.axb4 Nxe4 25.Nxe4 Bxe4 26.Re2 Red8 27.h3 Rxd1+ 28.Qxd1 Bc6 29.Qc2 Be8
30.Nf3 Bxb4 31.Nxe5 Bd6 32.Bb1 g6 33.Ng4 Be7 34.Qe4 Bg5 35.Ra2 Qxa2 36.Bxa2 Rxa2
37.Qxe8+ Kg7 38.Qxb5 Rd2 39.g3 Bf6 40.Nxf6 Kxf6 41.Qc6+ Ke7 42.Qe4+ Kd7 43.Qa4+ Ke6
44.Qb3+ Rd5 45.Qe3+ Kf6 46.Qxh6 Rh5 47.Qf4+ Kg7 48.Kg2 Rb5 49.g4 Rd5 50.h4 Ra5
51.Qd4+ Kh7 52.Qf6 Ra7 53.h5 Rb7 54.g5 gxh5 55.Qf5+ Kg7 56.Qe5+ Kf8 57.Qd5 Ra7
58.g6  1-0

[Event "ch-UKR Girls u20"]
[Site "Odessa UKR"]
[Date "2008.03.09"]
[Round "5"]
[White "Maiko,A"]
[Black "Huda,Mary"]
[Result "0-1"]
[WhiteElo "2053"]
[BlackElo "2278"]

1.d4 Nf6 2.Nf3 e6 3.c4 b6 4.a3 Bb7 5.Nc3 d5 6.Bg5 Be7 7.e3 O-O 8.Bxf6 Bxf6
9.cxd5 exd5 10.Qb3 c6 11.Rd1 Na6 12.Bd3 Nc7 13.O-O Re8 14.Rfe1 Ne6 15.Bb1 g6
16.e4 dxe4 17.Nxe4 Nxd4 18.Nxd4 Bxd4 19.Ba2 Rf8 20.Qg3 c5 21.Nd6 Qd7 22.h4 Rad8
23.Nxb7 Qxb7 24.Qg5 Rde8 25.h5 Qc6 26.hxg6 hxg6 27.Re7 Rxe7 28.Qxe7 a5 29.b4 axb4
30.axb4 Qa4 31.Rd2 Qxb4 32.Re2 Qc3 33.Bd5 Qc1+ 34.Re1 Bxf2+ 35.Kxf2 Qd2+
36.Kg1 Qxd5 37.Re5 Qd8  0-1

[Event "65th ch-GEO w"]
[Site "Tbilisi GEO"]
[Date "2008.03.09"]
[Round "10"]
[White "Khurtsilava,I"]
[Black "Charkhalashvili,I"]
[Result "1-0"]
[WhiteElo "2312"]
[BlackElo "2369"]

1.d4 Nf6 2.c4 e6 3.Nf3 b6 4.a3 Bb7 5.Nc3 d5 6.Bg5 Be7 7.e3 O-O 8.Qc2 dxc4
9.Bxc4 Nbd7 10.Rd1 h6 11.Bh4 Rc8 12.e4 Nh5 13.Bg3 Nxg3 14.hxg3 c6 15.e5 Qc7
16.Qe4 Rfe8 17.Qg4 c5 18.Nb5 Bxf3 19.gxf3 Qb7 20.Rxh6 cxd4 21.Bd3 Nf8 22.Kd2 g6
23.Rdh1 Kg7 24.Qf4 g5  1-0

[Event "Isbank Ataturk Women's Masters"]
[Site "Istanbul TUR"]
[Date "2008.03.11"]
[Round "1"]
[White "Javakhishvili,L"]
[Black "Zhao Xue"]
[Result "1-0"]
[WhiteElo "2470"]
[BlackElo "2517"]

1.d4 Nf6 2.c4 e6 3.Nf3 b6 4.a3 Ba6 5.Qb3 c5 6.d5 exd5 7.cxd5 g6 8.Nc3 Bg7
9.e4 Bxf1 10.Kxf1 O-O 11.e5 Ng4 12.Bf4 f6 13.d6+ Kh8 14.e6 dxe6 15.Qxe6 Qd7
16.Re1 Qxe6 17.Rxe6 Nd7 18.Re7 Rfd8 19.h3 Nh6 20.g4 Bf8 21.Bxh6 Bxh6 22.Kg2 Bf8
23.Rd1 Kg8 24.Ne4 Bg7 25.Rd2 Rac8 26.h4 Rc6 27.h5 Kf8 28.hxg6 hxg6 29.Nh4 Ne5
30.Rxa7 Bh6 31.Rd5 Bg5 32.Rxe5 fxe5 33.Nxg6+ Kg8 34.Nxg5 Rcxd6 35.Nxe5 Rf6
36.Ne4 Re6 37.f4 Rf8 38.Kg3  1-0

[Event "TCh-HUN 2007-8"]
[Site "Budapest HUN"]
[Date "2008.03.16"]
[Round "8"]
[White "Kerek,C"]
[Black "Balogh,V"]
[Result "1-0"]
[WhiteElo "2289"]
[BlackElo "2256"]

1.d4 Nf6 2.c4 e6 3.Nf3 b6 4.a3 Ba6 5.Qc2 c5 6.d5 exd5 7.cxd5 g6 8.Nc3 Bg7
9.g3 d6 10.Bg2 O-O 11.O-O Nbd7 12.h3 Qc7 13.Re1 Rfe8 14.e4 Rac8 15.Qa4 Bd3
16.Bf1 Bxf1 17.Kxf1 Ne5 18.Nxe5 dxe5 19.Kg2 h6 20.Bd2 Re7 21.Rec1 Ne8 22.b4 c4
23.Rc2 f5 24.f3 Nd6 25.b5 Rf7 26.Re1 Rcf8 27.Nd1 g5 28.Bb4 g4 29.hxg4 fxe4
30.fxe4 Rf3 31.Bxd6 Qxd6 32.Ne3 Qg6 33.Qxc4 h5 34.d6+ Kh7 35.Qd5 h4 36.gxh4 Bh6
37.Rc7+ R8f7 38.Rxf7+ Rxf7 39.Rf1 Rxf1 40.Nxf1 Qxg4+ 41.Ng3 Bf4 42.Qf7+ Kh8
43.Qh5+  1-0

[Event "V U20 Int"]
[Site "Los Llanos de Aridane ESP"]
[Date "2008.03.17"]
[Round "4"]
[White "Tsatsalashvili,K"]
[Black "Garcia Ortega Mendez,J"]
[Result "1-0"]
[WhiteElo "2214"]
[BlackElo "2176"]

1.d4 Nf6 2.c4 e6 3.Nf3 b6 4.a3 Bb7 5.Nc3 d5 6.Bg5 Be7 7.e3 O-O 8.Rc1 Nbd7
9.cxd5 exd5 10.Bd3 Ne4 11.Bf4 c5 12.O-O cxd4 13.Nxd4 Ndc5 14.Bb1 Qd7 15.b4 Ne6
16.Nxe6 Qxe6 17.Nb5 Qd7 18.Bxe4 Qxb5 19.Bd3 Qe8 20.Rc7 Rb8 21.Qh5 g6 22.Qe2 Qd8
23.Bb5 Bg5 24.Rd7 Qf6 25.Bxb8 Rxb8 26.Qf3 Qe6 27.Qg3  1-0

[Event "39th Open"]
[Site "Mar del Plata ARG"]
[Date "2008.03.18"]
[Round "5"]
[White "Roselli Mailhe,B"]
[Black "Contin,D"]
[Result "1/2-1/2"]
[WhiteElo "2420"]
[BlackElo "2309"]

1.d4 Nf6 2.c4 e6 3.Nf3 b6 4.a3 Bb7 5.Nc3 d5 6.cxd5 Nxd5 7.Bd2 Be7 8.Qc2 O-O
9.e4 Nxc3 10.Bxc3 c5 11.dxc5 bxc5 12.Rd1 Qb6 13.Ne5 Qc7 14.Bd3 Bf6 15.Nc4 Bxc3+
16.Qxc3 Nc6 17.O-O Rad8 18.Rfe1 Rd4 19.Nd2 Ne5 20.Nb3 Nxd3 21.Rxd3 Rxe4 22.Rxe4 Bxe4
23.Rd4 Bd5 24.Nxc5 Rc8 25.b4 a5 26.Rg4  1/2-1/2

[Event "67th ch-GEO KO"]
[Site "Tbilisi GEO"]
[Date "2008.03.18"]
[Round "2.1"]
[White "Jojua,D"]
[Black "Sturua,Z"]
[Result "0-1"]
[WhiteElo "2463"]
[BlackElo "2515"]

1.d4 Nf6 2.c4 e6 3.Nf3 b6 4.a3 Bb7 5.Nc3 d5 6.cxd5 Nxd5 7.e3 Nd7 8.Bd3 c5
9.e4 N5f6 10.d5 exd5 11.exd5 Bd6 12.O-O O-O 13.Bc2 a6 14.Bg5 Qc7 15.a4 Rfe8
16.Qd3 g6 17.h3 Bf8 18.Bb3 Kg7 19.Rad1 Bd6 20.Bc4 h6 21.Bc1 Ne5 22.Nxe5 Bxe5
23.Qd2 g5 24.b3 Rad8 25.Bb2 Bd4 26.Ne2 Bxb2 27.Qxb2 Qe5 28.Qxe5 Rxe5 29.f4 Re3
30.Kh2 Ne4 31.fxg5 hxg5 32.d6 Rxd6 33.Rxf7+ Kg6 34.Rxd6+ Nxd6 35.Rd7 Nxc4
36.Rxb7 Rxb3 37.Ng3 Nd2 38.Rc7 Kf6 39.Rc6+ Ke5 40.Rg6 c4 41.Rxg5+ Kd4 42.Rg8 c3
43.Rd8+ Kc4 44.Ne2 Kb4 45.h4 Nf1+ 46.Kg1 Ne3 47.Rd4+ Ka3 48.h5 c2 49.h6 Nf5
50.Rc4 Nxh6 51.Rxc2 Ng4 52.Rc1 Kxa4 53.Nd4 Rb2 54.g3 a5 55.Rc3 Kb4 56.Rf3 Ne5
57.Rf6 Kc4 58.Ne6 Nd3 59.g4 a4 60.Nf4 Ne5  0-1

[Event "67th ch-GEO KO"]
[Site "Tbilisi GEO"]
[Date "2008.03.19"]
[Round "2.2"]
[White "Supatashvili,K"]
[Black "Benidze,D"]
[Result "1/2-1/2"]
[WhiteElo "2466"]
[BlackElo "2359"]

1.d4 Nf6 2.c4 e6 3.Nf3 b6 4.a3 Ba6 5.Qb3 Be7 6.Nc3 d5 7.cxd5 exd5 8.Bg5 c6
9.Bxf6 Bxf6 10.e4 Bxf1 11.Rxf1 dxe4 12.Nxe4 O-O 13.O-O-O Nd7 14.Ne5 Bxe5
15.dxe5 Qh4 16.f4 Nxe5 17.g3 Qh6 18.Rd6 Qh3 19.Rfd1 Ng6 20.Qc2 Ne7 21.Ng5 Qf5
22.Qxf5 Nxf5 23.Rxc6 Rac8 24.Rxc8 Rxc8+  1/2-1/2

[Event "67th ch-GEO KO"]
[Site "Tbilisi GEO"]
[Date "2008.03.20"]
[Round "2.4"]
[White "Supatashvili,K"]
[Black "Benidze,D"]
[Result "1-0"]
[WhiteElo "2466"]
[BlackElo "2359"]

1.d4 Nf6 2.c4 e6 3.Nf3 b6 4.a3 Ba6 5.Qb3 d5 6.cxd5 exd5 7.Bg5 Be7 8.Nc3 c6
9.Bxf6 Bxf6 10.e4 Bxf1 11.Rxf1 dxe4 12.Nxe4 O-O 13.O-O-O Nd7 14.Rfe1 Qc7
15.Kb1 Rac8 16.Re3 Qf4 17.g3 Qf5 18.Ka1 Qa5 19.Nd6 Rb8 20.Ne5 Bxe5 21.Nc4 Qd5
22.dxe5 Nc5 23.Qc2 Qg2 24.h4 Rbd8 25.Nd6 Rd7 26.Rc1 a5 27.f4 Qxc2 28.Rxc2 a4
29.Rc4 f6 30.Ka2 Rfd8 31.Rb4 fxe5 32.fxe5 Re7 33.Rxb6 Nd7 34.Rxc6 Nxe5 35.Rc8 Rxc8
36.Nxc8 Rc7 37.Nb6  1-0

[Event "Doeberl Cup"]
[Site "Canberra AUS"]
[Date "2008.03.22"]
[Round "5"]
[White "Wang Puchen"]
[Black "Li Ruofan"]
[Result "1/2-1/2"]
[WhiteElo "2383"]
[BlackElo "2425"]

1.d4 Nf6 2.c4 e6 3.Nf3 b6 4.a3 Ba6 5.Qc2 Bb7 6.Nc3 c5 7.e4 cxd4 8.Nxd4 Bc5
9.Nb3 Nc6 10.Bf4 e5 11.Bg5 h6 12.Bh4 d6 13.Bd3 g5 14.Bg3 Nh5 15.O-O-O a6
16.Kb1 Qd7 17.Rhe1 O-O-O 18.Qe2 Nf4 19.Bxf4 gxf4 20.Nd5 Nd4 21.Nxd4 Bxd4
22.g3 fxg3 23.hxg3 h5 24.Nb4 Qg4 25.Nc2 Qxe2 26.Rxe2 h4 27.gxh4 Rxh4 28.Nxd4 exd4
29.Bc2 f5 30.Rxd4 Kc7 31.f3 Rf8 32.Red2 fxe4 33.Bxe4 Bxe4+ 34.Rxe4 Rxe4 35.fxe4 Rf4
36.Rd4 a5 37.Kc2 Kc6 38.Kc3 Rh4 39.b4 axb4+ 40.axb4 b5 41.cxb5+ Kxb5 42.Rd5+ Kc6
43.b5+ Kc7 44.Kd4 Rh1 45.Ke3 Rb1 46.Kf4 Rf1+ 47.Kg5 Rb1 48.Kf6 Rb4 49.Kf5 Rb1
50.Ke6 Rb4 51.Kf5  1/2-1/2

[Event "12th Neckar Open A"]
[Site "Deizisau GER"]
[Date "2008.03.22"]
[Round "4"]
[White "Farago,I"]
[Black "Fedorchuk,S"]
[Result "1/2-1/2"]
[WhiteElo "2475"]
[BlackElo "2652"]

1.d4 Nf6 2.c4 e6 3.Nf3 b6 4.a3 Bb7 5.Nc3 d5 6.cxd5 Nxd5 7.Bd2 Nf6 8.Rc1 Nbd7
9.Bg5 Be7 10.e3 O-O 11.Bd3 c5 12.O-O cxd4 13.Nxd4 Rc8 14.Qe2 h6 15.Bh4 Nc5
16.Bc4 Nfe4 17.Bxe7 Qxe7 18.Nxe4 Nxe4 19.Ba6 Bxa6  1/2-1/2

[Event "67th ch-GEO KO"]
[Site "Tbilisi GEO"]
[Date "2008.03.22"]
[Round "3.2"]
[White "Supatashvili,K"]
[Black "Mchedlishvili,M"]
[Result "1/2-1/2"]
[WhiteElo "2466"]
[BlackElo "2635"]

1.d4 Nf6 2.c4 e6 3.Nf3 b6 4.a3 Bb7 5.Nc3 d5 6.cxd5 Nxd5 7.e3 g6 8.Bb5+ c6
9.Bd3 Bg7 10.O-O O-O 11.Na4 Nd7 12.e4 Ne7 13.Bg5 Rc8 14.Rc1 h6 15.Be3 g5
16.h4 g4 17.Nd2 h5 18.Nc4 Qc7 19.Nc3 c5 20.Nb5 Qb8 21.Ncd6 Rc6 22.Nxb7 Qxb7
23.Bg5 Re8 24.d5 exd5 25.exd5 Nxd5 26.Bc4 N5f6 27.Bxf6 Nxf6 28.Nd6 Rxd6 29.Qxd6 Ne4
30.Qg6 b5 31.Ba2 c4 32.Qxh5 g3 33.fxg3 Nxg3 34.Qg5 Ne2+ 35.Kh1 Nxc1 36.Rxc1 Qe7
37.a4 a6 38.axb5 axb5 39.Qxe7 Rxe7 40.Rc2 Re3 41.Kg1 Bd4 42.Kf1 Kg7 43.Rd2 Re4
44.g3 Bf6 45.Rc2 Re3 46.Rd2 Re7 47.Kf2 Ra7 48.Bb1 Ra1 49.Be4 b4 50.Rc2 c3
51.bxc3 Bxc3 52.Bd5 Ra5 53.Bc4 Bd4+ 54.Ke2 Be5 55.g4 Ra3 56.Rd2 Rc3 57.Bd5 Rg3
58.g5 b3 59.Rd1 b2 60.Rf1  1/2-1/2

[Event "15th Belisce Metalis Open"]
[Site "Bizovac CRO"]
[Date "2008.03.23"]
[Round "5"]
[White "Havas,Ja"]
[Black "Aleksic,R"]
[Result "1/2-1/2"]
[WhiteElo "1876"]
[BlackElo "2183"]

1.d4 Nf6 2.c4 e6 3.Nf3 b6 4.a3 Bb7 5.Nc3 Be7 6.d5 exd5 7.cxd5 O-O 8.e4 d6
9.Bd3 Re8 10.O-O Nbd7 11.h3 Bf8 12.b4 g6 13.Rb1 Bg7 14.Qc2 Nh5 15.Nb5 Ba6
16.Bg5 f6 17.Bd2 Ne5 18.Nxe5 fxe5 19.Rbc1 Re7 20.Bg5 Bf6 21.Bxf6 Nxf6 22.Be2 Bxb5
23.Bxb5 Nh5 24.g3 Rf7 25.Be2 Ng7 26.Qd3 a5 27.b5 Qd7 28.Bg4 Qe7 29.Rc2 h5
30.Bf3 Raf8 31.Bg2 g5 32.Rfc1 Qf6 33.Qe3 Ne8 34.a4 Kg7 35.Rf1 Kg6 36.f3 Qg7
37.Rcf2 Qh6 38.Qd2 Kh7 39.Qe3 Qf6 40.Qe2 Ng7 41.Qe3 Qh6 42.Qd2 Ne8 43.Qe3  1/2-1/2

[Event "9th North American Inv"]
[Site "Chicago USA"]
[Date "2008.03.23"]
[Round "3"]
[White "Arnold,M"]
[Black "Amanov,M"]
[Result "1-0"]
[WhiteElo "2276"]
[BlackElo "2403"]

1.d4 Nf6 2.c4 e6 3.Nf3 b6 4.a3 Bb7 5.Nc3 d5 6.cxd5 Nxd5 7.Qc2 Be7 8.e4 Nxc3
9.bxc3 O-O 10.Bd3 c5 11.O-O Nc6 12.Bb2 Rc8 13.Qe2 Bf6 14.Rad1 cxd4 15.cxd4 Nxd4
16.Bxd4 Bxd4 17.Bb5 e5 18.Nxe5 a6 19.Bc4 Qc7 20.Bxf7+ Kh8 21.Ng6+ hxg6 22.Bxg6 Rxf2
23.Rxf2 Bxf2+ 24.Qxf2 Kg8 25.Qh4  1-0

[Event "9th North American Inv"]
[Site "Chicago USA"]
[Date "2008.03.23"]
[Round "4"]
[White "Arnold,M"]
[Black "Tsyganov,I"]
[Result "1/2-1/2"]
[WhiteElo "2276"]
[BlackElo "2260"]

1.d4 Nf6 2.c4 e6 3.Nf3 b6 4.a3 Ba6 5.Qc2 Bb7 6.Nc3 c5 7.e4 cxd4 8.Nxd4 d6
9.Be2 a6 10.Be3 Nbd7 11.O-O Be7 12.Rfd1 Qc7 13.f3 Rc8 14.Rac1 O-O 15.Bf1 Rfe8
16.Qf2 Qb8 17.b4 Bd8 18.Nb3 Bc7 19.g3 Ne5 20.Be2 Bd8 21.Qf1 h5 22.Bd4 Nc6
23.Bf2 Ne5 24.a4 Ba8 25.Nd4 Bb7 26.Nc2 d5 27.exd5 exd5 28.Nxd5 b5 29.axb5 axb5
30.Nce3 Nxc4 31.Bxc4 bxc4 32.Rxc4 Nxd5 33.Nxd5 Rxc4 34.Qxc4 Qa8 35.Qd3 h4
36.b5 hxg3 37.hxg3 Re5 38.Nf4 Bg5 39.Kg2 Bxf4 40.gxf4 Rd5 41.Qe2 Rxb5 42.Rd3 Rd5  1/2-1/2